| 000 | 00816nam a22002777a 4500 | ||
|---|---|---|---|
| 003 | CHAP | ||
| 005 | 20220329140310.0 | ||
| 008 | 971013s1963 r 00010 d | ||
| 010 | _a50002 | ||
| 011 | _a50974 | ||
| 035 | _a55124 | ||
| 040 | _cCHAP | ||
| 082 |
_a330.109 _bF45Y |
||
| 100 | 0 | 0 |
_aFellner, William. _940014 |
| 245 | _aOrigen y contenido del análisis económico moderno | ||
| 260 |
_aBarcelona : _bAriel, _c1963 |
||
| 300 | _a514 p. | ||
| 590 |
_aBATCH-UPD _b10 _c20130110 _lUCH01 _h1827 |
||
| 590 |
_aBATCH-UPD _b10 _c20130410 _lUCH01 _h1159 |
||
| 590 |
_aBATCH-UPD _b10 _c20130914 _lUCH01 _h1231 |
||
| 590 |
_aCONVERSION _b10 _c20130109 _lUCH01 _h1327 |
||
| 650 | 1 | 4 |
_aEconomía _xHistoria. _935238 |
| 901 | _aBK | ||
| 942 | _cLIBRO | ||
| 949 |
_a330.109 F45Y _bBC _cLIBRO _d33724000312096 _eLIBRO _i55124 _si |
||
| 999 |
_c50002 _d50002 |
||